Т. 23, № 4; Конденсированные среды и межфазные границы

Bibliografiske detaljer
Parent link:Конденсированные среды и межфазные границы: научный журнал/ Воронежский государственный университет. Т. 23, № 4.— : [Б. и.], 2016-.— 1606-867X
Sprog:russisk
Udgivet: 2021
Online adgang:https://journals.vsu.ru/kcmf/issue/view/276
https://www.elibrary.ru/contents.asp?id=47324522
Format: MixedMaterials Electronisk Bog
KOHA link:https://koha.lib.tpu.ru/cgi-bin/koha/opac-detail.pl?biblionumber=588883

MARC

LEADER 00000nam2a2200000 4500
001 588883
005 20231101131530.0
035 |a (RuTPU)RU\TPU\prd\291599 
035 |a RU\TPU\prd\291598 
090 |a 588883 
100 |a 20230109a20169999k y0rusy50 ca 
101 0 |a rus 
102 |a RU 
181 0 |a i  
182 0 |a b 
200 0 |a Т. 23, № 4  |b Электронный ресурс 
203 |a Текст  |c электронный 
210 |d 2021 
461 1 |0 (RuTPU)RU\TPU\prd\280949  |x 1606-867X  |t Конденсированные среды и межфазные границы  |o научный журнал  |f Воронежский государственный университет  |v Т. 23, № 4  |n [Б. и.]  |d 2016- 
801 0 |a RU  |b 63413507  |c 20010227  |g PSBO 
801 1 |a RU  |b 63413507  |c 20170410 
801 2 |a RU  |b 63413507  |c 20230109  |g RCR 
856 4 0 |u https://journals.vsu.ru/kcmf/issue/view/276 
856 4 0 |u https://www.elibrary.ru/contents.asp?id=47324522 
942 |c BK